000 01500cam a2200277 4500
001 ABS65161
008 020226n2002 000 0 eng u
035 _a(Sirsi) u116863
245 _aAlienation provisions
260 _c2002
490 _aEstates Gazette
_v(0204) 26 January 2002, 164-166
490 _aEstates Gazette
_v(0205) 2 February 2002, 127(4)
520 _aProvides a general overview of alientation provisions in leases dealing with lease assignmnets and sublettings . Explains the differences between 'absolute', 'qualified' and 'fully qualified' covenants clarifying whether consent should be granted under the Landlord and Tenant Act 1988, preserving security of income under the Landlord and Tenant (Covenants) Act 1995 and securing rent and retaining control when tenants wish to sublet property. Concludes with a review of recent case law highlighting the problems fof alienation clauses for both landlord and tenants warning that unauthorised tenants may be force to vacate their premises.
590 _aABS
650 _aALIENTATION CLAUSES
650 _aLANDLORD AND TENANT ACT 1988
650 _aLANDLORD AND TENANT (COVENANTS) ACT 1995
650 _aABSOLUTE COVENANTS
650 _aQUALIFIED COVENANTS
650 _aDONG BANG MINERVA (UK) LTD V DAVINA LTD
650 _aVAUX GROUP PLC V LILLEY
650 _aHEMINGWAY SECURITIES LTD V DUNRAVEN LTD
650 _aREASONABLE BEHAVIOUR
690 _aLANDLORD AND TENANT-BUSINESS TENANCIES
942 _n0
999 _c69603
_d69603